000 00579nam a2200169Ia 4500
008 090711s9999 xx 000 0 und d
082 _b2201
100 _aकोल्हटकर वा. पु.
245 _aग्रंथालयीन वर्गीकरण
260 _c1948
300 _a24
600 _aकोल्हटकर वा. पु.
630 _aग्रंथालयीन वर्गीकरण
700 _aकोल्हटकर वा. पु.
730 _aग्रंथालयीन वर्गीकरण
942 _cBOOK
999 _c316537
_d316537